[Event "European Youth Chess Championship G18"]
[Site "Prague, Top Hotel Prague"]
[Date "2012.08.20"]
[Round "4.1"]
[White "Khlichkova, Tatiana"]
[Black "Petrukhina, Irina"]
[Result "1-0"]
[WhiteElo "2123"]
[BlackElo "2212"]
[PlyCount "0"]
[EventDate "2012.08.17"]

1. d4 {[%clk 1:30:58]} d5 {[%clk 1:30:49]} 2. c4 {[%clk 1:31:23]} dxc4
{[%clk 1:31:13]} 3. Nf3 {[%clk 1:31:37]} Nf6 {[%clk 1:30:47]} 4. e3
{[%clk 1:30:32]} a6 {[%clk 1:31:07]} 5. Bxc4 {[%clk 1:29:53]} e6 {[%clk 1:30:56]}
6. O-O {[%clk 1:29:04]} c5 {[%clk 1:29:16]} 7. Bb3 {[%clk 1:29:23]} b5
{[%clk 1:26:27]} 8. a4 {[%clk 1:28:42]} c4 {[%clk 1:25:54]} 9. Bc2
{[%clk 1:29:04]} Bb7 {[%clk 1:24:12]} 10. axb5 {[%clk 1:27:31]} axb5
{[%clk 1:24:31]} 11. Rxa8 {[%clk 1:27:53]} Bxa8 {[%clk 1:25:00]} 12. b3
{[%clk 1:28:00]} cxb3 {[%clk 1:17:33]} 13. Bd3 {[%clk 1:28:03]} b4
{[%clk 1:15:21]} 14. Nbd2 {[%clk 1:26:00]} Nc6 {[%clk 1:09:23]} 15. Nxb3
{[%clk 1:20:31]} Be7 {[%clk 1:03:35]} 16. Qc2 {[%clk 1:13:34]} O-O
{[%clk 0:59:40]} 17. Bd2 {[%clk 1:13:16]} Qb8 {[%clk 0:51:10]} 18. Qb2
{[%clk 1:08:14]} Rd8 {[%clk 0:48:53]} 19. e4 {[%clk 0:44:47]} Na7
{[%clk 0:40:26]} 20. Re1 {[%clk 0:43:09]} Nb5 {[%clk 0:40:19]} 21. h3
{[%clk 0:42:36]} Nc3 {[%clk 0:37:25]} 22. Bxc3 {[%clk 0:42:58]} bxc3
{[%clk 0:37:49]} 23. Qc2 {[%clk 0:43:24]} g6 {[%clk 0:35:10]} 24. Ne5
{[%clk 0:41:16]} Qb4 {[%clk 0:32:17]} 25. Rb1 {[%clk 0:37:46]} Rc8
{[%clk 0:32:20]} 26. f3 {[%clk 0:37:26]} Nh5 {[%clk 0:31:02]} 27. Qf2
{[%clk 0:37:00]} Nf4 {[%clk 0:23:53]} 28. Bc2 {[%clk 0:37:24]} Qb5
{[%clk 0:23:50]} 29. Ra1 {[%clk 0:32:18]} Bg5 {[%clk 0:22:11]} 30. Ra5
{[%clk 0:24:30]} Qb6 {[%clk 0:22:20]} 31. Kh1 {[%clk 0:18:01]} Be7
{[%clk 0:19:10]} 32. Qe1 {[%clk 0:13:32]} Qb4 {[%clk 0:12:25]} 33. Qe3
{[%clk 0:09:48]} g5 {[%clk 0:10:35]} 34. h4 {[%clk 0:09:02]} h6 {[%clk 0:08:01]}
35. g3 {[%clk 0:08:59]} Nh5 {[%clk 0:08:16]} 36. Kh2 {[%clk 0:06:56]} Kg7
{[%clk 0:07:40]} 37. Ng4 {[%clk 0:06:37]} Bd8 {[%clk 0:04:23]} 38. Ra1
{[%clk 0:04:13]} Qb7 {[%clk 0:02:35]} 39. Rb1 {[%clk 0:02:42]} Qc6
{[%clk 0:01:23]} 40. Nc5 {[%clk 0:32:47]} Be7 {[%clk 0:30:39]} 41. Qxc3
{[%clk 0:31:53]} Nf6 {[%clk 0:13:27]} 42. Ne5 {[%clk 0:22:47]} Qc7
{[%clk 0:13:49]} 43. hxg5 {[%clk 0:23:07]} hxg5 {[%clk 0:11:09]} 44. Qe3
{[%clk 0:23:04]} Nh5 {[%clk 0:04:58]} 45. Bb3 {[%clk 0:10:16]} Rh8
{[%clk 0:04:04]} 46. Kg2 {[%clk 0:09:44]} Nxg3 {[%clk 0:02:24]} 47. Rc1
{[%clk 0:08:55]} Nf1 {[%clk 0:02:03]} 48. Kxf1 {[%clk 0:08:42]} Qb6
{[%clk 0:01:14]} 49. Kg2 {[%clk 0:07:57]} f6 {[%clk 0:00:48]} 50. Nxe6+
{[%clk 0:08:12]} 1-0

[Event "European Youth Chess Championship G18"]
[Site "Prague, Top Hotel Prague"]
[Date "2012.08.20"]
[Round "4.2"]
[White "Grigoryeva, Olga A"]
[Black "Imeeva, Aisa"]
[Result "0-1"]
[WhiteElo "2190"]
[BlackElo "2095"]
[PlyCount "0"]
[EventDate "2012.08.17"]

1. c4 {[%clk 1:30:56]} e5 {[%clk 1:30:51]} 2. Nc3 {[%clk 1:31:20]} Nf6
{[%clk 1:31:15]} 3. Nf3 {[%clk 1:31:43]} Nc6 {[%clk 1:31:40]} 4. g3
{[%clk 1:32:08]} d5 {[%clk 1:32:06]} 5. cxd5 {[%clk 1:32:31]} Nxd5
{[%clk 1:32:34]} 6. Bg2 {[%clk 1:32:35]} Nb6 {[%clk 1:32:57]} 7. O-O
{[%clk 1:32:51]} Be7 {[%clk 1:33:22]} 8. d3 {[%clk 1:33:14]} O-O {[%clk 1:33:46]}
9. Be3 {[%clk 1:33:19]} Re8 {[%clk 1:33:59]} 10. a3 {[%clk 1:31:12]} Bf8
{[%clk 1:34:10]} 11. b4 {[%clk 1:28:56]} Bg4 {[%clk 1:33:05]} 12. h3
{[%clk 1:21:39]} Bh5 {[%clk 1:32:39]} 13. g4 {[%clk 1:16:00]} Bg6
{[%clk 1:33:02]} 14. Qb3 {[%clk 1:11:28]} a6 {[%clk 1:29:50]} 15. Bc5
{[%clk 1:04:28]} Nd4 {[%clk 1:28:47]} 16. Nxd4 {[%clk 0:58:37]} exd4
{[%clk 1:29:08]} 17. Ne4 {[%clk 0:57:35]} Nd5 {[%clk 1:21:31]} 18. Ng3
{[%clk 0:49:46]} Nf4 {[%clk 1:14:22]} 19. Qc4 {[%clk 0:43:47]} Bxc5
{[%clk 1:08:04]} 20. bxc5 {[%clk 0:43:26]} Qh4 {[%clk 1:07:27]} 21. Rfe1
{[%clk 0:38:11]} Rad8 {[%clk 1:05:43]} 22. Kh2 {[%clk 0:36:38]} h5
{[%clk 1:03:19]} 23. Qc1 {[%clk 0:26:38]} Nxh3 {[%clk 0:58:16]} 24. Bxh3
{[%clk 0:26:18]} hxg4 {[%clk 0:58:44]} 25. Qf4 {[%clk 0:25:54]} Qxh3+
{[%clk 0:59:07]} 26. Kg1 {[%clk 0:26:20]} c6 {[%clk 0:59:12]} 27. Reb1
{[%clk 0:24:29]} Re7 {[%clk 0:33:56]} 28. Rb4 {[%clk 0:23:19]} Red7
{[%clk 0:33:22]} 29. Rab1 {[%clk 0:23:07]} Qh6 {[%clk 0:32:11]} 30. Qxg4
{[%clk 0:18:40]} f5 {[%clk 0:27:41]} 31. Qf3 {[%clk 0:16:46]} f4 {[%clk 0:27:52]}
32. Ne4 {[%clk 0:15:04]} Bxe4 {[%clk 0:19:56]} 33. Qxe4 {[%clk 0:15:14]} Rd5
{[%clk 0:16:17]} 34. Kf1 {[%clk 0:11:25]} Rxc5 {[%clk 0:11:05]} 35. Rxb7
{[%clk 0:09:38]} f3 {[%clk 0:07:17]} 36. Qxf3 {[%clk 0:08:39]} Rf5
{[%clk 0:06:23]} 37. Qe4 {[%clk 0:05:55]} Rh5 {[%clk 0:04:58]} 38. e3
{[%clk 0:03:13]} dxe3 {[%clk 0:05:14]} 39. Qxe3 {[%clk 0:03:33]} Qxe3
{[%clk 0:03:28]} 40. fxe3 {[%clk 0:33:57]} Rxd3 {[%clk 0:33:55]} 41. Ke2
{[%clk 0:18:33]} Rxa3 {[%clk 0:34:19]} 42. Rg1 {[%clk 0:18:55]} Rh2+
{[%clk 0:34:27]} 43. Kf3 {[%clk 0:19:17]} Rh3+ {[%clk 0:34:42]} 44. Kf4
{[%clk 0:19:40]} Rh4+ {[%clk 0:34:48]} 45. Kf3 {[%clk 0:20:03]} Rh3+
{[%clk 0:31:03]} 46. Kf4 {[%clk 0:20:13]} Ra4+ {[%clk 0:31:01]} 47. e4
{[%clk 0:19:38]} Rh4+ {[%clk 0:31:04]} 48. Kf5 {[%clk 0:19:10]} Ra5+
{[%clk 0:31:26]} 49. Ke6 {[%clk 0:18:34]} Rxe4+ {[%clk 0:31:20]} 50. Kd6
{[%clk 0:18:53]} g5 {[%clk 0:31:39]} 51. Kxc6 {[%clk 0:17:38]} Re6+
{[%clk 0:31:58]} 52. Kd7 {[%clk 0:17:20]} Rg6 {[%clk 0:30:14]} 53. Rb8+
{[%clk 0:15:03]} Kg7 {[%clk 0:30:42]} 54. Rg4 {[%clk 0:14:15]} Rf5
{[%clk 0:30:55]} 55. Rbb4 {[%clk 0:13:16]} Rf7+ {[%clk 0:31:10]} 56. Ke8
{[%clk 0:13:31]} Re6+ {[%clk 0:31:30]} 57. Kd8 {[%clk 0:13:56]} Kf8
{[%clk 0:31:53]} 58. Rbe4 {[%clk 0:13:56]} Rxe4 {[%clk 0:30:38]} 59. Rxe4
{[%clk 0:14:22]} Rf4 {[%clk 0:31:00]} 60. Re5 {[%clk 0:12:55]} Rd4+
{[%clk 0:31:21]} 61. Kc7 {[%clk 0:13:09]} g4 {[%clk 0:31:37]} 62. Rg5
{[%clk 0:11:14]} Kf7 {[%clk 0:31:30]} 63. Kb6 {[%clk 0:11:04]} Kf6
{[%clk 0:31:41]} 64. Rg8 {[%clk 0:11:06]} Kf5 {[%clk 0:32:09]} 65. Kxa6
{[%clk 0:11:23]} Rb4 {[%clk 0:32:33]} 66. Ka5 {[%clk 0:11:37]} Rb1
{[%clk 0:33:01]} 67. Ka4 {[%clk 0:11:43]} Kf4 {[%clk 0:33:30]} 68. Rf8+
{[%clk 0:12:05]} Ke3 {[%clk 0:33:52]} 69. Rg8 {[%clk 0:12:22]} Kf3
{[%clk 0:34:21]} 70. Rf8+ {[%clk 0:12:45]} Kg2 {[%clk 0:34:29]} 71. Rf4
{[%clk 0:13:07]} g3 {[%clk 0:34:56]} 72. Rf8 {[%clk 0:13:34]} Kh2
{[%clk 0:35:00]} 73. Rh8+ {[%clk 0:14:00]} Kg1 {[%clk 0:35:19]} 74. Rg8
{[%clk 0:14:23]} g2 {[%clk 0:35:42]} 75. Rg7 {[%clk 0:14:50]} Re1
{[%clk 0:35:59]} 76. Kb4 {[%clk 0:15:12]} Re4+ {[%clk 0:36:14]} 77. Kc3
{[%clk 0:15:40]} Kf2 {[%clk 0:36:37]} 78. Kd3 {[%clk 0:15:51]} Rf4
{[%clk 0:36:27]} 0-1

[Event "European Youth Chess Championship G18"]
[Site "Prague, Top Hotel Prague"]
[Date "2012.08.20"]
[Round "4.3"]
[White "Iwanow, Anna"]
[Black "Goryachkina, Aleksandra"]
[Result "1-0"]
[WhiteElo "2205"]
[BlackElo "2361"]
[PlyCount "0"]
[EventDate "2012.08.17"]

1. e4 {[%clk 1:30:57]} c6 {[%clk 1:30:55]} 2. d4 {[%clk 1:31:21]} d5
{[%clk 1:31:18]} 3. Nc3 {[%clk 1:31:46]} dxe4 {[%clk 1:31:42]} 4. Nxe4
{[%clk 1:32:10]} Bf5 {[%clk 1:32:06]} 5. Ng3 {[%clk 1:32:33]} Bg6
{[%clk 1:32:31]} 6. h4 {[%clk 1:31:36]} h6 {[%clk 1:32:55]} 7. Nf3
{[%clk 1:31:41]} Nd7 {[%clk 1:33:07]} 8. h5 {[%clk 1:31:50]} Bh7 {[%clk 1:33:30]}
9. Bd3 {[%clk 1:31:44]} Bxd3 {[%clk 1:33:53]} 10. Qxd3 {[%clk 1:32:06]} e6
{[%clk 1:34:15]} 11. Bd2 {[%clk 1:32:23]} Qc7 {[%clk 1:33:46]} 12. O-O-O
{[%clk 1:32:26]} Ngf6 {[%clk 1:34:08]} 13. Ne4 {[%clk 1:32:24]} O-O-O
{[%clk 1:34:27]} 14. g3 {[%clk 1:31:16]} Nc5 {[%clk 1:34:42]} 15. Nxc5
{[%clk 1:30:18]} Bxc5 {[%clk 1:35:06]} 16. Rh4 {[%clk 1:21:52]} Bd6
{[%clk 1:16:47]} 17. Qe2 {[%clk 1:16:15]} Rhe8 {[%clk 1:14:03]} 18. Ne5
{[%clk 1:14:13]} Nd5 {[%clk 1:10:22]} 19. Nc4 {[%clk 1:01:00]} Bb4
{[%clk 1:05:41]} 20. Bxb4 {[%clk 0:48:33]} Nxb4 {[%clk 1:06:03]} 21. a3
{[%clk 0:48:38]} Nd5 {[%clk 1:05:26]} 22. Ne5 {[%clk 0:42:22]} Kb8
{[%clk 1:01:17]} 23. Rg4 {[%clk 0:37:38]} f5 {[%clk 0:55:22]} 24. Rh4
{[%clk 0:27:55]} Nf6 {[%clk 0:54:08]} 25. Rd3 {[%clk 0:23:53]} Ne4
{[%clk 0:51:44]} 26. Rxe4 {[%clk 0:12:52]} fxe4 {[%clk 0:51:52]} 27. Qxe4
{[%clk 0:13:16]} Ka8 {[%clk 0:43:30]} 28. Qe3 {[%clk 0:06:44]} Rc8
{[%clk 0:34:09]} 29. b4 {[%clk 0:04:55]} Qd6 {[%clk 0:26:07]} 30. c4
{[%clk 0:03:38]} Rf8 {[%clk 0:25:48]} 31. g4 {[%clk 0:02:29]} Kb8
{[%clk 0:17:42]} 32. f3 {[%clk 0:01:43]} Kc7 {[%clk 0:17:43]} 33. Ng6
{[%clk 0:00:49]} Rf6 {[%clk 0:14:32]} 34. Qe5 {[%clk 0:00:42]} Rd8
{[%clk 0:12:38]} 35. Qe3 {[%clk 0:00:34]} a5 {[%clk 0:10:19]} 36. bxa5
{[%clk 0:00:39]} Ra8 {[%clk 0:10:03]} 37. Qd2 {[%clk 0:00:39]} Kb8
{[%clk 0:06:12]} 38. c5 {[%clk 0:00:34]} Qc7 {[%clk 0:06:12]} 39. Ne5
{[%clk 0:00:48]} Kc8 {[%clk 0:01:00]} 40. Nc4 {[%clk 0:30:46]} Kd8
{[%clk 0:31:11]} 41. Nd6 {[%clk 0:22:16]} Ke7 {[%clk 0:24:26]} 42. Rb3
{[%clk 0:12:48]} Qxa5 {[%clk 0:21:20]} 43. Rxb7+ {[%clk 0:12:24]} Kf8
{[%clk 0:21:24]} 44. Rb8+ {[%clk 0:08:27]} Ke7 {[%clk 0:21:19]} 45. Rb7+
{[%clk 0:04:07]} Kf8 {[%clk 0:21:26]} 46. Rb8+ {[%clk 0:02:41]} Ke7
{[%clk 0:21:49]} 47. Qxa5 {[%clk 0:02:04]} Rxa5 {[%clk 0:22:08]} 48. Rb3
{[%clk 0:02:27]} Ra4 {[%clk 0:20:16]} 49. Rd3 {[%clk 0:02:44]} Rf4
{[%clk 0:16:59]} 50. Ne4 {[%clk 0:02:37]} Rf8 {[%clk 0:17:08]} 51. Kb2
{[%clk 0:02:31]} Rb8+ {[%clk 0:17:23]} 52. Kc2 {[%clk 0:01:05]} Rc4+
{[%clk 0:16:52]} 53. Kd2 {[%clk 0:01:29]} Rb2+ {[%clk 0:15:39]} 54. Ke3
{[%clk 0:01:47]} Rcc2 {[%clk 0:15:18]} 55. Kf4 {[%clk 0:01:47]} Kd7
{[%clk 0:14:56]} 56. Ke5 {[%clk 0:01:31]} Ra2 {[%clk 0:14:54]} 57. Rb3
{[%clk 0:01:21]} Rcb2 {[%clk 0:14:32]} 58. Rb6 {[%clk 0:00:41]} Rb5
{[%clk 0:08:46]} 59. Ra6 {[%clk 0:00:58]} Rb7 {[%clk 0:08:52]} 60. Nd6
{[%clk 0:00:44]} Re2+ {[%clk 0:07:59]} 61. Kf4 {[%clk 0:01:01]} Rc7
{[%clk 0:08:29]} 62. Ra8 {[%clk 0:01:05]} Rd2 {[%clk 0:07:03]} 63. Ke3
{[%clk 0:01:23]} Ra2 {[%clk 0:07:19]} 64. Rg8 {[%clk 0:01:00]} Rxa3+
{[%clk 0:07:24]} 65. Ke4 {[%clk 0:01:20]} Ra1 {[%clk 0:07:27]} 66. Rxg7+
{[%clk 0:01:35]} Kd8 {[%clk 0:07:56]} 67. Rg8+ {[%clk 0:01:36]} Ke7
{[%clk 0:07:59]} 68. Rh8 {[%clk 0:01:35]} Re1+ {[%clk 0:07:35]} 69. Kf4
{[%clk 0:02:01]} Kf6 {[%clk 0:07:52]} 70. Ne8+ {[%clk 0:02:14]} 1-0

[Event "European Youth Chess Championship G18"]
[Site "Prague, Top Hotel Prague"]
[Date "2012.08.20"]
[Round "4.4"]
[White "Aranaz Murillo, Amalia"]
[Black "Gevorgyan, Maria"]
[Result "0-1"]
[WhiteElo "2237"]
[BlackElo "2069"]
[PlyCount "0"]
[EventDate "2012.08.17"]

1. Nf3 {[%clk 1:30:54]} c5 {[%clk 1:30:50]} 2. c4 {[%clk 1:31:13]} Nc6
{[%clk 1:31:09]} 3. g3 {[%clk 1:31:30]} g6 {[%clk 1:31:29]} 4. Bg2
{[%clk 1:31:49]} Bg7 {[%clk 1:31:50]} 5. Nc3 {[%clk 1:32:07]} d6 {[%clk 1:31:35]}
6. O-O {[%clk 1:30:59]} e5 {[%clk 1:31:42]} 7. a3 {[%clk 1:30:11]} a5
{[%clk 1:31:36]} 8. Ne1 {[%clk 1:29:56]} Be6 {[%clk 1:31:32]} 9. d3
{[%clk 1:29:45]} Nge7 {[%clk 1:31:38]} 10. Nc2 {[%clk 1:25:56]} d5
{[%clk 1:31:01]} 11. cxd5 {[%clk 1:25:52]} Nxd5 {[%clk 1:31:22]} 12. Ne3
{[%clk 1:16:16]} Nde7 {[%clk 1:30:59]} 13. Ne4 {[%clk 1:11:34]} b6
{[%clk 1:27:16]} 14. Qa4 {[%clk 1:05:27]} Qc7 {[%clk 1:24:30]} 15. Nc4
{[%clk 0:45:26]} O-O {[%clk 1:15:36]} 16. f4 {[%clk 0:39:00]} Rab8
{[%clk 0:46:33]} 17. Nxe5 {[%clk 0:35:49]} Nxe5 {[%clk 0:45:01]} 18. fxe5
{[%clk 0:36:11]} Bd7 {[%clk 0:44:15]} 19. Qd1 {[%clk 0:32:28]} Qxe5
{[%clk 0:40:51]} 20. Bf4 {[%clk 0:27:46]} Qxb2 {[%clk 0:41:16]} 21. Bxb8
{[%clk 0:28:07]} Rxb8 {[%clk 0:41:37]} 22. Rb1 {[%clk 0:23:52]} Qd4+
{[%clk 0:41:11]} 23. Kh1 {[%clk 0:24:08]} Nd5 {[%clk 0:37:29]} 24. Qb3
{[%clk 0:19:41]} Bc6 {[%clk 0:34:55]} 25. Ng5 {[%clk 0:14:51]} h6
{[%clk 0:26:53]} 26. Nxf7 {[%clk 0:13:55]} a4 {[%clk 0:26:13]} 27. Qc4
{[%clk 0:12:51]} Ne3 {[%clk 0:25:38]} 28. Ne5+ {[%clk 0:09:40]} Nxc4
{[%clk 0:25:59]} 29. Nxc6 {[%clk 0:09:59]} Qd6 {[%clk 0:21:30]} 30. dxc4
{[%clk 0:10:14]} Rf8 {[%clk 0:19:58]} 31. Rfd1 {[%clk 0:09:21]} Qc7
{[%clk 0:18:55]} 32. Bd5+ {[%clk 0:09:39]} Kh7 {[%clk 0:18:47]} 33. e4
{[%clk 0:09:24]} Rf6 {[%clk 0:18:39]} 34. Rf1 {[%clk 0:07:25]} Rxc6
{[%clk 0:18:19]} 35. Bxc6 {[%clk 0:07:43]} Qxc6 {[%clk 0:18:45]} 36. Rbe1
{[%clk 0:08:08]} Qe6 {[%clk 0:18:54]} 0-1

[Event "European Youth Chess Championship G18"]
[Site "Prague, Top Hotel Prague"]
[Date "2012.08.20"]
[Round "4.5"]
[White "Wisniowska, Klaudia"]
[Black "Froewis, Annika"]
[Result "1-0"]
[WhiteElo "2181"]
[BlackElo "2000"]
[PlyCount "0"]
[EventDate "2012.08.17"]

1. e4 {[%clk 1:30:58]} e5 {[%clk 1:30:57]} 2. Nf3 {[%clk 1:31:24]} Nc6
{[%clk 1:31:24]} 3. Bb5 {[%clk 1:31:50]} a6 {[%clk 1:31:50]} 4. Ba4
{[%clk 1:32:11]} Nf6 {[%clk 1:32:15]} 5. O-O {[%clk 1:32:34]} Be7
{[%clk 1:32:21]} 6. Re1 {[%clk 1:32:35]} b5 {[%clk 1:32:46]} 7. Bb3
{[%clk 1:33:02]} d6 {[%clk 1:33:12]} 8. c3 {[%clk 1:33:26]} O-O {[%clk 1:33:36]}
9. h3 {[%clk 1:33:52]} Na5 {[%clk 1:34:02]} 10. Bc2 {[%clk 1:34:17]} c5
{[%clk 1:34:27]} 11. d4 {[%clk 1:34:37]} Qc7 {[%clk 1:34:52]} 12. Nbd2
{[%clk 1:35:00]} Nc6 {[%clk 1:34:50]} 13. d5 {[%clk 1:32:57]} Nd8
{[%clk 1:35:07]} 14. a4 {[%clk 1:29:15]} Rb8 {[%clk 1:35:22]} 15. axb5
{[%clk 1:28:13]} axb5 {[%clk 1:35:46]} 16. b4 {[%clk 1:27:49]} c4
{[%clk 1:34:07]} 17. Nf1 {[%clk 1:27:46]} Ne8 {[%clk 1:34:20]} 18. Ng3
{[%clk 1:25:53]} g6 {[%clk 1:34:11]} 19. Nh2 {[%clk 1:11:27]} Ng7
{[%clk 1:33:22]} 20. Bh6 {[%clk 1:01:36]} f6 {[%clk 1:30:54]} 21. Be3
{[%clk 0:54:47]} Nf7 {[%clk 1:19:36]} 22. Qe2 {[%clk 0:49:12]} Bd7
{[%clk 1:14:08]} 23. Ra7 {[%clk 0:48:56]} Qc8 {[%clk 1:07:11]} 24. Rea1
{[%clk 0:47:40]} Bd8 {[%clk 1:04:58]} 25. R7a6 {[%clk 0:45:42]} Bc7
{[%clk 0:47:31]} 26. Bd1 {[%clk 0:42:08]} f5 {[%clk 0:43:54]} 27. exf5
{[%clk 0:41:42]} gxf5 {[%clk 0:35:21]} 28. Nh5 {[%clk 0:37:47]} Nxh5
{[%clk 0:27:29]} 29. Qxh5 {[%clk 0:38:08]} Qd8 {[%clk 0:24:09]} 30. Bc2
{[%clk 0:36:27]} Qf6 {[%clk 0:22:35]} 31. Ng4 {[%clk 0:34:20]} Qe7
{[%clk 0:15:09]} 32. Bxf5 {[%clk 0:32:12]} Bxf5 {[%clk 0:14:42]} 33. Qxf5
{[%clk 0:32:36]} Nd8 {[%clk 0:13:33]} 34. Qh5 {[%clk 0:25:21]} Rb7
{[%clk 0:07:54]} 35. Bg5 {[%clk 0:24:48]} Qg7 {[%clk 0:06:49]} 36. Bh6
{[%clk 0:24:25]} Qf7 {[%clk 0:06:27]} 37. Qg5+ {[%clk 0:24:14]} Qg6
{[%clk 0:06:37]} 38. Qxg6+ {[%clk 0:24:28]} hxg6 {[%clk 0:07:01]} 39. Bxf8
{[%clk 0:24:51]} Kxf8 {[%clk 0:07:25]} 40. Ra7 {[%clk 0:54:27]} Rxa7
{[%clk 0:36:52]} 41. Rxa7 {[%clk 0:54:51]} Bb6 {[%clk 0:37:14]} 42. Ra6
{[%clk 0:53:22]} Bc7 {[%clk 0:37:28]} 43. Nf6 {[%clk 0:53:23]} Ke7
{[%clk 0:36:19]} 44. Ra7 {[%clk 0:53:21]} 1-0

[Event "European Youth Chess Championship G18"]
[Site "Prague, Top Hotel Prague"]
[Date "2012.08.20"]
[Round "4.6"]
[White "Rakhmangulova, Anastasiya"]
[Black "Schulz, Anja"]
[Result "1-0"]
[WhiteElo "2234"]
[BlackElo "2108"]
[PlyCount "0"]
[EventDate "2012.08.17"]

1. e4 {[%clk 1:30:58]} c5 {[%clk 1:30:56]} 2. Nf3 {[%clk 1:31:25]} Nc6
{[%clk 1:31:22]} 3. Bc4 {[%clk 1:31:51]} d6 {[%clk 1:30:37]} 4. c3
{[%clk 1:31:29]} Nf6 {[%clk 1:30:26]} 5. d3 {[%clk 1:31:49]} g6 {[%clk 1:30:08]}
6. Bb3 {[%clk 1:31:53]} Bg7 {[%clk 1:30:16]} 7. O-O {[%clk 1:31:58]} O-O
{[%clk 1:30:33]} 8. Re1 {[%clk 1:31:55]} b5 {[%clk 1:28:38]} 9. h3
{[%clk 1:30:39]} a5 {[%clk 1:26:59]} 10. a4 {[%clk 1:26:52]} b4 {[%clk 1:24:37]}
11. d4 {[%clk 1:23:29]} cxd4 {[%clk 1:10:23]} 12. cxd4 {[%clk 1:21:14]} Nd7
{[%clk 1:08:38]} 13. Be3 {[%clk 1:16:44]} Ba6 {[%clk 1:05:31]} 14. Nbd2
{[%clk 1:08:07]} Nb6 {[%clk 0:57:06]} 15. Rc1 {[%clk 1:02:18]} Rc8
{[%clk 0:52:33]} 16. Nf1 {[%clk 1:01:29]} d5 {[%clk 0:48:13]} 17. Ng3
{[%clk 0:54:30]} Bc4 {[%clk 0:40:22]} 18. Bxc4 {[%clk 0:47:31]} dxc4
{[%clk 0:39:13]} 19. Qd2 {[%clk 0:43:57]} b3 {[%clk 0:35:50]} 20. Red1
{[%clk 0:40:11]} Nb4 {[%clk 0:35:03]} 21. Bh6 {[%clk 0:39:54]} e6
{[%clk 0:31:59]} 22. Ne5 {[%clk 0:35:27]} f6 {[%clk 0:25:48]} 23. Bxg7
{[%clk 0:33:25]} Kxg7 {[%clk 0:26:11]} 24. Ng4 {[%clk 0:33:47]} Nxa4
{[%clk 0:23:38]} 25. Ra1 {[%clk 0:29:35]} Na2 {[%clk 0:22:20]} 26. e5
{[%clk 0:29:25]} f5 {[%clk 0:20:49]} 27. Nf6 {[%clk 0:20:10]} Rxf6
{[%clk 0:18:40]} 28. exf6+ {[%clk 0:20:35]} Qxf6 {[%clk 0:19:05]} 29. Ne2
{[%clk 0:16:58]} Qd8 {[%clk 0:15:57]} 30. Nf4 {[%clk 0:16:00]} Qd6
{[%clk 0:11:39]} 31. Re1 {[%clk 0:12:16]} Re8 {[%clk 0:11:07]} 32. Qxa5
{[%clk 0:12:17]} Nxb2 {[%clk 0:09:56]} 33. g3 {[%clk 0:07:39]} g5
{[%clk 0:07:00]} 34. Qa7+ {[%clk 0:07:21]} Kh6 {[%clk 0:06:09]} 35. Qf7
{[%clk 0:07:28]} Qd8 {[%clk 0:04:08]} 36. Rxe6+ {[%clk 0:07:42]} Rxe6
{[%clk 0:04:32]} 37. Qh5+ {[%clk 0:08:07]} 1-0

[Event "European Youth Chess Championship G18"]
[Site "Prague, Top Hotel Prague"]
[Date "2012.08.20"]
[Round "4.7"]
[White "Tran, My Linh"]
[Black "Shvayger, Yuliya"]
[Result "1-0"]
[WhiteElo "2031"]
[BlackElo "2202"]
[PlyCount "0"]
[EventDate "2012.08.17"]

1. e4 {[%clk 1:30:58]} c5 {[%clk 1:30:58]} 2. Nf3 {[%clk 1:31:23]} d6
{[%clk 1:31:23]} 3. d4 {[%clk 1:31:49]} cxd4 {[%clk 1:31:48]} 4. Nxd4
{[%clk 1:32:16]} Nf6 {[%clk 1:32:10]} 5. Nc3 {[%clk 1:32:41]} a6 {[%clk 1:32:35]}
6. g3 {[%clk 1:33:08]} e5 {[%clk 1:31:57]} 7. Nde2 {[%clk 1:33:33]} Be7
{[%clk 1:30:41]} 8. Bg2 {[%clk 1:33:40]} O-O {[%clk 1:29:59]} 9. O-O
{[%clk 1:29:17]} Be6 {[%clk 1:24:49]} 10. h3 {[%clk 1:28:29]} Nbd7
{[%clk 1:24:07]} 11. g4 {[%clk 1:27:39]} Nb6 {[%clk 1:14:42]} 12. Nd5
{[%clk 1:07:21]} Rc8 {[%clk 1:11:21]} 13. Ng3 {[%clk 0:56:30]} Nfxd5
{[%clk 0:44:01]} 14. exd5 {[%clk 0:56:51]} Bd7 {[%clk 0:44:30]} 15. b3
{[%clk 0:54:33]} Qc7 {[%clk 0:39:54]} 16. c4 {[%clk 0:52:46]} Na8
{[%clk 0:40:22]} 17. a4 {[%clk 0:30:54]} b5 {[%clk 0:36:59]} 18. axb5
{[%clk 0:30:35]} axb5 {[%clk 0:37:21]} 19. Be3 {[%clk 0:30:55]} bxc4
{[%clk 0:36:14]} 20. Ra7 {[%clk 0:31:16]} Qd8 {[%clk 0:36:42]} 21. bxc4
{[%clk 0:29:21]} Rxc4 {[%clk 0:36:38]} 22. Qb3 {[%clk 0:19:39]} Rc7
{[%clk 0:32:57]} 23. Rfa1 {[%clk 0:19:36]} Rxa7 {[%clk 0:32:07]} 24. Rxa7
{[%clk 0:20:04]} Nc7 {[%clk 0:21:37]} 25. Bb6 {[%clk 0:11:19]} Qb8
{[%clk 0:22:05]} 26. Rxc7 {[%clk 0:11:44]} Bd8 {[%clk 0:22:31]} 27. Rxd7
{[%clk 0:11:38]} Bxb6 {[%clk 0:23:00]} 28. Qf3 {[%clk 0:09:07]} Qc8
{[%clk 0:17:43]} 29. Rxd6 {[%clk 0:08:23]} e4 {[%clk 0:18:12]} 30. Nxe4
{[%clk 0:05:30]} f5 {[%clk 0:17:47]} 31. Rxb6 {[%clk 0:02:06]} Qc1+
{[%clk 0:16:38]} 32. Bf1 {[%clk 0:02:19]} fxe4 {[%clk 0:17:06]} 33. Qxe4
{[%clk 0:01:46]} 1-0